| 000 | 00628nam a2200169 i 4500 | ||
|---|---|---|---|
| 001 | 108122 | ||
| 003 | ES-MaACL | ||
| 007 | t| | ||
| 008 | 070123s1868 fr ||||1| fre d | ||
| 100 | 1 |
_aSaussure, Henri de. _9104018 |
|
| 245 | 1 | 0 |
_aObservations sur le bourdonnement électrique des montagnes / _cpar Henri de Saussure. |
| 260 |
_a[S.l. : _bs.n., _c1868?] |
||
| 300 |
_a13 p. ; _c23 cm. |
||
| 500 | _aAl final del texto: Tiré des Archives des Sciences de la Bibliothèque Universelle, Janvier 1868. | ||
| 500 | _aLegado Federico de Botella y de Hornos. | ||
| 852 |
_aES-MaACL _jB-7987(3) _q. - Encuadernado con otras obras |
||
| 999 |
_c108122 _d108122 |
||